| 000 | 02012nam0a2200361 4500 | ||
|---|---|---|---|
| 001 | RU\NLR\ONIZ\217181 | ||
| 005 | 20250626062515.0 | ||
| 035 | _a(NLR Aleph) 011414691 | ||
| 090 |
_a11577649 _c11577649 |
||
| 100 | _a20170418d2005 |||y0rusy50 ca | ||
| 101 | 0 | _arus | |
| 102 | _aRU | ||
| 105 | _ay z 000|y | ||
| 200 | 1 |
_aМетодические указания к выполнению самостоятельных работ и контрольные задания по курсу анализа музыкальных произведений для студентов заочного отделения историко-теоретического факультета _fсост.: Е. А. Ручьевская, В. П. Широкова, Л. П. Иванова |
|
| 210 |
_aСанкт-Петербург _cСанкт-Петербургская государственная консерватория им. Н. А. Римского-Корсакова _d2005 |
||
| 215 |
_a46 с. _d20 см |
||
| 320 | _aБиблиогр. в конце разделов. | ||
| 606 | 1 |
_aАнализ музыкальных произведений _xМетодические пособия _2nlr_sh |
|
| 686 |
_aЩ310.585р(2Р) _vLBC/SL _2rubbk |
||
| 702 | 1 |
_9z01790 _aРучьевская _bЕ. А. _f1922-2009 _gЕкатерина Александровна _4220 _7ca |
|
| 702 | 1 |
_9z02790 _aШирокова _bВ. П. _gВалентина Павловна _4220 |
|
| 702 | 1 |
_9z03790 _aИванова _bЛ.П. _cмузыковед _gЛариса Павловна _4220 _4340 |
|
| 790 | 1 |
_9z01702 _aRuč`evskaja _bE. A. _f1922-2009 _gEkaterina Aleksandrovna _4220 _7ba |
|
| 790 | 1 |
_9z02702 _aShirokova _bV. P. _gValentina Pavlovna _4220 |
|
| 790 | 1 |
_9z03702 _aIvanova _bL. P. _gLarisa Pavlovna _4220 _4340 |
|
| 801 | 0 |
_aRU _bNLR _c20170418 _gPSBO |
|
| 801 | 1 |
_aRU _bNLR _c20170418 _2rusmarc |
|
| 801 | 2 |
_aRU _bNLR _c20170418 |
|
| 852 |
_aNLR _bМс _j40/Р.924 _pАэ 11776 _t1 |
||
| 942 | _cBOOK | ||
| 980 | _aNB | ||
| 980 | _aONIZ | ||